500k+ First-Level Subdivisions of South America on a Map - Statistics

General Stats
  • This quiz has been taken 73 times
    36 since last reset
  • The average score is 74 of 135
Answers on the Map
Answers color-coded by a green-red scale on the quiz's map according to % correct below.
 
Answer Stats
Country Type Subdivision % Correct
Argentina 2022 C City Buenos Aires
100%
Argentina 2022 C Province Buenos Aires
100%
Brazil 2022 C State Rio de Janeiro
96%
Brazil 2022 C State São Paulo
96%
Brazil 2022 C State Amazonas
92%
Venezuela 2019 P District Capital District
92%
Brazil 2022 C District Federal District
92%
Uruguay 2020 P Department Montevideo
92%
Chile 2017 C Region Santiago
92%
Argentina 2022 C Province Santiago del Estero
92%
Colombia 2023 P District Capital District
88%
Argentina 2022 C Province Córdoba
88%
Colombia 2023 P Department Córdoba
88%
Brazil 2022 C State Pará
88%
Brazil 2022 C State Rio Grande do Norte
88%
Brazil 2022 C State Rio Grande do Sul
88%
Bolivia 2020 P Department La Paz
85%
Peru 2022 P Province Lima
85%
Peru 2022 P Region Lima
85%
Brazil 2022 C State Minas Gerais
85%
Brazil 2022 C State Acre
81%
Brazil 2022 C State Bahia
81%
Brazil 2022 C State Paraná
81%
Brazil 2022 C State Pernambuco
81%
Bolivia 2020 P Department Santa Cruz
81%
Brazil 2022 C State Tocantins
81%
Chile 2017 C Region Valparaíso
81%
Brazil 2022 C State Amapá
77%
Brazil 2022 C State Ceará
77%
Brazil 2022 C State Espírito Santo
77%
Brazil 2022 C State Mato Grosso
77%
Argentina 2022 C Province Mendoza
77%
Brazil 2022 C State Piauí
77%
Brazil 2022 C State Rondônia
77%
Brazil 2022 C State Santa Catarina
77%
Brazil 2022 C State Sergipe
77%
Colombia 2023 P Department Sucre
77%
Venezuela 2019 P State Sucre
77%
Peru 2022 P Region Arequipa
73%
Colombia 2023 P Department Bolívar
73%
Venezuela 2019 P State Bolívar
73%
Bolivia 2020 P Department Cochabamba
73%
Peru 2022 P Region Cusco
73%
Brazil 2022 C State Goiás
73%
Brazil 2022 C State Mato Grosso do Sul
73%
Brazil 2022 C State Roraima
73%
Brazil 2022 C State Alagoas
69%
Brazil 2022 C State Maranhão
69%
Brazil 2022 C State Paraíba
69%
Argentina 2022 C Province Corrientes
65%
Argentina 2022 C Province Salta
65%
Argentina 2022 C Province Tucumán
65%
Chile 2017 C Region Antofagasta
62%
Peru 2022 P Province Callao
62%
Argentina 2022 C Province Chaco
62%
Argentina 2022 C Province Formosa
62%
Argentina 2022 C Province Jujuy
62%
Argentina 2022 C Province Río Negro
62%
Argentina 2022 C Province San Juan
62%
Argentina 2022 C Province San Luis
62%
Argentina 2022 C Province Santa Fe
62%
Argentina 2022 C Province Chubut
58%
Argentina 2022 C Province Misiones
58%
Argentina 2022 C Province Neuquén
58%
Venezuela 2019 P State Trujillo
58%
Argentina 2022 C Province Entre Ríos
54%
Bolivia 2020 P Department Oruro
54%
Bolivia 2020 P Department Potosí
54%
Peru 2022 P Region Ica
50%
Peru 2022 P Region Loreto
50%
Chile 2017 C Region O'Higgins
46%
Peru 2022 P Region Piura
46%
Colombia 2023 P Department Atlántico
42%
Paraguay 2022 C Department Central
42%
Peru 2022 P Region Puno
42%
Bolivia 2020 P Department Tarija
42%
Venezuela 2019 P State Zulia
42%
Colombia 2023 P Department Antioquia
38%
Peru 2022 P Region Cajamarca
38%
Colombia 2023 P Department Cauca
38%
Colombia 2023 P Department Chocó
38%
Chile 2017 C Region Coquimbo
38%
Colombia 2023 P Department La Guajira
38%
Peru 2022 P Region La Libertad
38%
Chile 2017 C Region Los Lagos
38%
Colombia 2023 P Department Valle del Cauca
38%
Venezuela 2019 P State Apure
35%
Chile 2017 C Region Araucanía
35%
Peru 2022 P Region Ayacucho
35%
Chile 2017 C Region Biobío
35%
Colombia 2023 P Department Boyacá
35%
Ecuador 2022 C Province Guayas
35%
Peru 2022 P Region Huánuco
35%
Venezuela 2019 P State Lara
35%
Colombia 2023 P Department Magdalena
35%
Chile 2017 C Region Maule
35%
Venezuela 2019 P State Miranda
35%
Colombia 2023 P Department Norte de Santander
35%
Ecuador 2022 C Province Pichincha
35%
Colombia 2023 P Department Santander
35%
Peru 2022 P Region Ancash
31%
Venezuela 2019 P State Anzoátegui
31%
Venezuela 2019 P State Barinas
31%
Colombia 2023 P Department Cesar
31%
Bolivia 2020 P Department Chuquisaca
31%
Colombia 2023 P Department Cundinamarca
31%
Ecuador 2022 C Province El Oro
31%
Venezuela 2019 P State Falcón
31%
Peru 2022 P Region Junín
31%
Peru 2022 P Region Lambayeque
31%
Venezuela 2019 P State Mérida
31%
Colombia 2023 P Department Meta
31%
Venezuela 2019 P State Monagas
31%
Colombia 2023 P Department Nariño
31%
Venezuela 2019 P State Nueva Esparta
31%
Venezuela 2019 P State Portuguesa
31%
Colombia 2023 P Department Quindío
31%
Peru 2022 P Region San Martín
31%
Colombia 2023 P Department Tolima
31%
Peru 2022 P Region Ucayali
31%
Venezuela 2019 P State Yaracuy
31%
Paraguay 2022 C Department Alto Paraná
27%
Venezuela 2019 P State Aragua
27%
Colombia 2023 P Department Caldas
27%
Uruguay 2020 P Department Canelones
27%
Ecuador 2022 C Province Esmeraldas
27%
Venezuela 2019 P State Guárico
27%
Colombia 2023 P Department Huila
27%
Ecuador 2022 C Province Los Ríos
27%
Colombia 2023 P Department Risaralda
27%
Venezuela 2019 P State Táchira
27%
Venezuela 2019 P State Carabobo
23%
Ecuador 2022 C Province Manabí
23%
Ecuador 2022 C Province Azuay
19%
Ecuador 2022 C Province Tungurahua
19%
No matching quizzes found
Score Distribution
Percent of People with Each Score
Percentile by Number Answered
Your Score History
You have not taken this quiz since the last reset